| 000 | 00565nam a2200217 a 4500 | ||
|---|---|---|---|
| 999 |
_c4507 _d4507 |
||
| 001 | 4507 | ||
| 003 | BD-JhCC | ||
| 005 | 20171127211931.0 | ||
| 008 | 171127s1972 i |||| ||a| 000 0 eng d | ||
| 035 | _a(BD-JhCC) 4507 | ||
| 040 |
_aBD-JhCC _dBD-JhCC |
||
| 041 | _aeng | ||
| 082 |
_a428.6 _bFOR 1972 |
||
| 100 | _aForrester, jean F. | ||
| 245 |
_aTeaching without lecturing / _c jean F. Forrester |
||
| 260 |
_aIndia : _bDelhi Oxford university press , _c1968 |
||
| 300 |
_a127 p .: _c14 cm . |
||
| 650 | _aEnglish language | ||
| 942 |
_2ddc _cBK |
||